<?xml version="1.0" encoding="UTF-8"?><?xml-stylesheet type="text/xsl" href="static/style.xsl"?><OAI-PMH xmlns="http://www.openarchives.org/OAI/2.0/" xmlns:xsi="http://www.w3.org/2001/XMLSchema-instance" xsi:schemaLocation="http://www.openarchives.org/OAI/2.0/ http://www.openarchives.org/OAI/2.0/OAI-PMH.xsd"><responseDate>2026-04-13T06:38:54Z</responseDate><request verb="GetRecord" identifier="oai:www.recercat.cat:2072/442380" metadataPrefix="marc">https://recercat.cat/oai/request</request><GetRecord><record><header><identifier>oai:recercat.cat:2072/442380</identifier><datestamp>2026-03-13T07:13:22Z</datestamp><setSpec>com_2072_98</setSpec><setSpec>col_2072_378192</setSpec></header><metadata><record xmlns="http://www.loc.gov/MARC21/slim" xmlns:dcterms="http://purl.org/dc/terms/" xmlns:xsi="http://www.w3.org/2001/XMLSchema-instance" xmlns:doc="http://www.lyncode.com/xoai" xsi:schemaLocation="http://www.loc.gov/MARC21/slim http://www.loc.gov/standards/marcxml/schema/MARC21slim.xsd">
   <leader>00925njm 22002777a 4500</leader>
   <datafield ind2=" " ind1=" " tag="042">
      <subfield code="a">dc</subfield>
   </datafield>
   <datafield ind2=" " ind1=" " tag="720">
      <subfield code="a">Crusafon Baqués, Carmina</subfield>
      <subfield code="e">author</subfield>
   </datafield>
   <datafield ind2=" " ind1=" " tag="720">
      <subfield code="a">González Saavedra, Carlos Alberto</subfield>
      <subfield code="e">author</subfield>
   </datafield>
   <datafield ind2=" " ind1=" " tag="720">
      <subfield code="a">Murciano, Marcial</subfield>
      <subfield code="e">author</subfield>
   </datafield>
   <datafield ind2=" " ind1=" " tag="260">
      <subfield code="c">2020</subfield>
   </datafield>
   <datafield ind2=" " ind1=" " tag="520">
      <subfield code="a">Los medios de servicio público europeos han acometido en pocos años un proceso acelerado y diverso de expansión en redes sociales y de desarrollo de aplicaciones móviles. De esta manera, intentan sintonizar con las nuevas pautas de consumo a través de una oferta transversal de sus contenidos accesibles desde múltiples terminales digitales. Este artículo analiza las diferentes estrategias de las corporaciones públicas europeas e identifica las diferencias entre ellas. Existe una divergencia entre aquellas que han desarrollado una estrategia más expansiva (BBC, RTVE, France Télévisions y RAI) frente a las nórdicas (la finlandesa YLE, la danesa DR, la sueca SVT, la portuguesa RTP y la irlandesa RTÉ), más centradas en la segmentación.</subfield>
   </datafield>
   <datafield ind2=" " ind1=" " tag="520">
      <subfield code="a">Els mitjans de servei públic europeus han començat, en pocs anys, un procés accelerat i divers d'expansió en xarxes socials i de desenvolupament d'aplicacions mòbils. D'aquesta manera, intenten sintonitzar amb les noves pautes de consum a través d'una oferta transversal dels seus continguts accessibles des de múltiples terminals digitals. Aquest article analitza les diferents estratègies de les corporacions públiques europees i identifica les diferències entre elles. Hi ha una divergència entre aquelles que han desenvolupat una estratègia més expansiva (BBC, RTVE, France Télévisions i RAI) enfront de les nòrdiques (la finlandesa YLE, la danesa DR, la sueca SVT, la portuguesa RTP i la irlandesa RTÉ), més centrades en la segmentació.</subfield>
   </datafield>
   <datafield ind2=" " ind1=" " tag="520">
      <subfield code="a">In the course of a few short years, the European public service media have undertaken an accelerated and diverse process of expansion in social networks and of development of mobile applications. In this way, they seek to tune into the new consumption patterns through a transversal offering of content accessible from many digital devices. This paper analyzes the various strategies of European public corporations and identifies the differences between them. There is a divergence between the enterprises that have developed a more comprehensive strategy (BBC, RTVE, France Télévisions, and Rai) and those, from northern Europe in their majority (Finland's YLE, Denmark's DR, Sweden's SVT, together with Portugal's RTP and Ireland's RTÉ), which are more closely focused on segmentation.</subfield>
   </datafield>
   <datafield tag="653" ind2=" " ind1=" ">
      <subfield code="a">Medios de servicio público</subfield>
   </datafield>
   <datafield tag="653" ind2=" " ind1=" ">
      <subfield code="a">Redes sociales</subfield>
   </datafield>
   <datafield tag="653" ind2=" " ind1=" ">
      <subfield code="a">Políticas de comunicación</subfield>
   </datafield>
   <datafield tag="653" ind2=" " ind1=" ">
      <subfield code="a">Aplicaciones móviles</subfield>
   </datafield>
   <datafield tag="653" ind2=" " ind1=" ">
      <subfield code="a">Transformación digital</subfield>
   </datafield>
   <datafield tag="653" ind2=" " ind1=" ">
      <subfield code="a">Acceso y participación</subfield>
   </datafield>
   <datafield tag="653" ind2=" " ind1=" ">
      <subfield code="a">Mitjans de servei públic</subfield>
   </datafield>
   <datafield tag="653" ind2=" " ind1=" ">
      <subfield code="a">Xarxes socials</subfield>
   </datafield>
   <datafield tag="653" ind2=" " ind1=" ">
      <subfield code="a">Polítiques de comunicació</subfield>
   </datafield>
   <datafield tag="653" ind2=" " ind1=" ">
      <subfield code="a">Aplicacions mòbils</subfield>
   </datafield>
   <datafield tag="653" ind2=" " ind1=" ">
      <subfield code="a">Transformació digital</subfield>
   </datafield>
   <datafield tag="653" ind2=" " ind1=" ">
      <subfield code="a">Accés i participació</subfield>
   </datafield>
   <datafield tag="653" ind2=" " ind1=" ">
      <subfield code="a">Public service media</subfield>
   </datafield>
   <datafield tag="653" ind2=" " ind1=" ">
      <subfield code="a">Social networks</subfield>
   </datafield>
   <datafield tag="653" ind2=" " ind1=" ">
      <subfield code="a">Communication policies</subfield>
   </datafield>
   <datafield tag="653" ind2=" " ind1=" ">
      <subfield code="a">Mobile apps</subfield>
   </datafield>
   <datafield tag="653" ind2=" " ind1=" ">
      <subfield code="a">Digital transformation</subfield>
   </datafield>
   <datafield tag="653" ind2=" " ind1=" ">
      <subfield code="a">Access and participation</subfield>
   </datafield>
   <datafield ind2="0" ind1="0" tag="245">
      <subfield code="a">Las redes sociales y las aplicaciones móviles en las estrategias de transformación digital de los medios de servicio público europeos</subfield>
   </datafield>
</record></metadata></record></GetRecord></OAI-PMH>